| 000 | 00598nam a22001937a 4500 | ||
|---|---|---|---|
| 005 | 20140312151440.0 | ||
| 010 | _aB-505479 | ||
| 020 |
_a9780670086412 _c399.00 |
||
| 035 | _aB-505479 | ||
| 037 |
_adpl _bKKP |
||
| 082 | _aN | ||
| 100 | _aSathe, Makarand | ||
| 245 |
_aThe Man Who Tried To Remember _cby Makarand Sathe |
||
| 260 |
_aNew Delhi _bPenguin Group _c2012 |
||
| 270 |
_a11 Community Centre, Panchsheel Park _bNew Delhi _e110017 |
||
| 300 |
_a237p. _c19cm(Hb) |
||
| 942 |
_2ddc _cEN _hN _mSAT |
||
| 999 |
_c82973 _d82973 |
||